Unneighbourly musings (Record no. 70503)
[ view plain ]
| 000 -LEADER | |
|---|---|
| fixed length control field | 01137cam a2200229 4500 |
| 001 - CONTROL NUMBER | |
| control field | WB3822-20 |
| 008 - FIXED-LENGTH DATA ELEMENTS--GENERAL INFORMATION | |
| fixed length control field | 020619n2002 000 0 eng u |
| 035 ## - SYSTEM CONTROL NUMBER | |
| System control number | (Sirsi) u118447 |
| 245 ## - TITLE STATEMENT | |
| Title | Unneighbourly musings |
| 260 ## - PUBLICATION, DISTRIBUTION, ETC. | |
| Date of publication, distribution, etc. | 2002 |
| 490 ## - SERIES STATEMENT | |
| Series statement | Estates Gazette |
| Volume/sequential designation | (0224) 15 June 2002, 144(1) |
| 520 ## - SUMMARY, ETC. | |
| Summary, etc. | Considers disputes caused by householders' rights of access across adjacent common land. Comments on the Court of Appeal decision, Das v Linden Mews Ltd which concerned rights of access to a parking space. The area of land in dispute was situated behind two houses and the ownership was unknown. It was decided that a right of access cannot be used for the benefit of adjacent land. The injunction also decided that the prevention of the use of accessing the parking areas which the judge had originally granted was awarded on the wrong basis and damages would have been more appropriate. |
| 590 ## - LOCAL NOTE (RLIN) | |
| Local note | WB |
| 650 ## - SUBJECT ADDED ENTRY--TOPICAL TERM | |
| Topical term or geographic name entry element | DAS V LINDEN MEWS LTD |
| 650 ## - SUBJECT ADDED ENTRY--TOPICAL TERM | |
| Topical term or geographic name entry element | RIGHTS OF ACCESS |
| 650 ## - SUBJECT ADDED ENTRY--TOPICAL TERM | |
| Topical term or geographic name entry element | ADJOINING LAND |
| 650 ## - SUBJECT ADDED ENTRY--TOPICAL TERM | |
| Topical term or geographic name entry element | INJUNCTION |
| 650 ## - SUBJECT ADDED ENTRY--TOPICAL TERM | |
| Topical term or geographic name entry element | PARKING |
| 650 ## - SUBJECT ADDED ENTRY--TOPICAL TERM | |
| Topical term or geographic name entry element | PEACOCK V CUSTINS |
| 690 ## - LOCAL SUBJECT ADDED ENTRY--TOPICAL TERM (OCLC, RLIN) | |
| Topical term or geographic name as entry element | PROPERTY |
| 942 ## - ADDED ENTRY ELEMENTS (KOHA) | |
| Suppress in OPAC | 0 |
| Withdrawn status | Lost status | Source of classification or shelving scheme | Damaged status | Not for loan | Home library | Current library | Shelving location | Date acquired | Total Checkouts | Full call number | Barcode | Date last seen | Copy number | Price effective from | Koha item type |
|---|---|---|---|---|---|---|---|---|---|---|---|---|---|---|---|
| Dewey Decimal Classification | London | London | News article | 19/06/2002 | WB3822-20 | 118447-1001 | 06/08/2019 | 1 | 06/08/2019 | News article |